00170nam a2200073 a 450000500170000000800410001705000180005824500200007620140414093836.0030611s19uu xx 00 eng d aCD 006bR #11 aMega Clipt Art.